| 000 | 02408nab a2200253 i 4500 | ||
|---|---|---|---|
| 003 | BR-BrBNA | ||
| 005 | 20241122103852.0 | ||
| 008 | 241122b2010 bl.qr|pooa||| 00| 0 por | | ||
| 040 |
_aBR-BrBNA _bpor |
||
| 072 | _aF70 | ||
| 100 | _aBigio, Narcísio Costa | ||
| 100 | _aSecco, Ricardo de S. | ||
| 245 | _aUma nova espécie de Pera (Peraceae) endêmica de Manaus, Amazonas, Brasil | ||
| 500 | _aPublicação on-line; 18 ref.; 1 illus.; Summaries (En, Pt) | ||
| 520 | _a Resumo Pera manausensis Bigio & Secco, uma nova espécie de Euphorbiaceae endêmica de Manaus, Amazonas, é descrita e ilustrada. Esta espécieé afim de P. decipiens Muell. Arg., P. bicolor (Klotzsch) Muell. Arg.e P. tomentosa (Benth.) Muell. Arg., mas separa-se destas por ser a única a apresentar face abaxial da folha com tricomas lepidoto-estrelados, emaranhados, flores estaminadas com cálice 3-lobado e pistilódio filiforme, e flores pistiladas com ovário tomentoso, estigma 3-lobado, lobos bipartidos e estaminódios sepalóides, filiformes. Discussões sobre as afinidades do novo táxon, bem como uma chave para separação das espécies mais próximas, são apresentadas. Palavras-chave: Amazônia brasileira, Euphorbiaceae, espécie nova. | ||
| 520 | _a Abstract Pera manausensis Bigio & Secco, a new species of Euphorbiaceae endemic to Manaus, Amazonas, is described and illustrated. This species is closely related to P. decipiens Muell. Arg., P. bicolor (Klotzsch) Muell. Arg. and P. tomentosa (Benth.) Muell. Arg., but can be recognized by the following: leaf abaxial surface with entangled, lepidote-stellate trichomes; staminate flowers with calyx 3-lobed and pistillodium filiform; pistillate flowers with tomentose ovary, stigma 3-lobed, lobes bifid, and staminodia sepaloid, filiform. The affinities of the new taxon are discussed and a key to separate closely related species is presented. Key words: Brazilian Amazon, Euphorbiaceae, new species. | ||
| 650 | _aAMAZÔNIA BRASILEIRA | ||
| 650 | _aESPÉCIE | ||
| 650 | _aEUPHORBIACEAE | ||
| 773 | 0 |
_0709 _9346539 _dRio de Janeiro-RJ Jardim Botanico do Rio de Janeiro 1935 _o2024-7210 _tRodriguésia (Brazil) _x0370-6583; 2175-7860 on-line _gv. 61(1) p. 077--81; (2010) _wBR2024003619 |
|
| 856 | _uhttps://www.scielo.br/j/rod/a/5dTg765XBgQtDfcqCKcY9jn/?format=pdf&lang=pt | ||
| 942 | _cANA | ||
| 999 |
_c328768 _d328768 |
||